Оценка электростатистических параметров "горячих" частиц в биологических объектах; Фундаментальные и прикладные проблемы охраны окружающей среды; Т. 3: Физико-химические методы контроля объектов окружающей среды. Химико-технологические проблемы охраны окружающей среды. Технологические проблемы охраны окружающей среды

Podrobná bibliografie
Parent link:Фундаментальные и прикладные проблемы охраны окружающей среды: тезисы докладов Международной конференции, 12-16 сентября 1995 г., Томск/ Томский государственный университет (ТГУ) ; Томская область, Администрация.— , 1995
Т. 3: Физико-химические методы контроля объектов окружающей среды. Химико-технологические проблемы охраны окружающей среды. Технологические проблемы охраны окружающей среды.— 1995.— С. 38
Další autoři: Андреев О. В., Бойко В. И. Владимир Ильич, Борисов В. П., Долматов О. Ю. Олег Юрьевич
Jazyk:ruština
Vydáno: 1995
Témata:
Médium: MixedMaterials Kapitola
KOHA link:https://koha.lib.tpu.ru/cgi-bin/koha/opac-detail.pl?biblionumber=202209

MARC

LEADER 00000naa2a2200000 4500
001 202209
005 20240125163325.0
035 |a (RuTPU)RU\TPU\book\220362 
035 |a RU\TPU\book\220350 
090 |a 202209 
100 |a 20111007d1995 k y0rusy50 ca 
101 0 |a rus 
102 |a RU 
200 1 |a Оценка электростатистических параметров "горячих" частиц в биологических объектах  |f О. В. Андреев [и др.] 
461 1 |0 (RuTPU)RU\TPU\book\196703  |t Фундаментальные и прикладные проблемы охраны окружающей среды  |o тезисы докладов Международной конференции, 12-16 сентября 1995 г., Томск  |o в 5 т.  |f Томский государственный университет (ТГУ) ; Томская область, Администрация  |d 1995 
463 1 |0 (RuTPU)RU\TPU\book\380  |t Т. 3: Физико-химические методы контроля объектов окружающей среды. Химико-технологические проблемы охраны окружающей среды. Технологические проблемы охраны окружающей среды  |v С. 38  |d 1995  |p 420 с. 
610 1 |a труды учёных ТПУ 
701 1 |a Андреев  |b О. В. 
701 1 |a Бойко  |b В. И.  |c российский физик-ядерщик, доктор физико-математических наук  |c профессор Томского политехнического университета  |f 1943-  |g Владимир Ильич  |3 (RuTPU)RU\TPU\pers\21949 
701 1 |a Борисов  |b В. П. 
701 1 |a Долматов  |b О. Ю.  |c физик  |c кандидат физико-математических наук  |f 1967-  |g Олег Юрьевич  |3 (RuTPU)RU\TPU\pers\26450  |9 12153 
801 1 |a RU  |b 63413507  |c 20100607 
801 2 |a RU  |b 63413507  |c 20140331  |g RCR 
942 |c BK